Diagnostika inovačných systémov ako nástroj zvyšovania výkonnosti a prosperity

Národný inovačný systém. Komponenty slovenského národného systému inovácií. Konceptualizácia inovačného systému. Nesúlad sústavy ukazovateľov. Informačný inovačný systém. Globálny inovačný systém.

Gespeichert in:
Bibliographische Detailangaben
1. Verfasser: Matušovič, Martin
Format: Buchkapitel
Sprache:Slowakisch
Schlagworte:
Tags: Tag hinzufügen
Keine Tags, Fügen Sie das erste Tag hinzu!

MARC

LEADER 00000nla a2200000 4500
001 0184331
005 20240522093229.7
041 0 |a slo 
044 |a SK 
245 1 0 |a Diagnostika inovačných systémov ako nástroj zvyšovania výkonnosti a prosperity  |c Martin Matušovič 
520 |a Národný inovačný systém. Komponenty slovenského národného systému inovácií. Konceptualizácia inovačného systému. Nesúlad sústavy ukazovateľov. Informačný inovačný systém. Globálny inovačný systém. 
610 2 0 |a inovácia 
610 2 0 |a systém 
610 2 0 |a modely 
610 2 0 |a systémy informačné 
610 2 0 |a efektívnosť inovácií 
610 2 0 |a Slovensko 
100 1 |a Matušovič, Martin